000 00840nam a2200205Ii 4500
003 JO-AjNU
008 230605s9999||||xx |||||||||||||| ||und||
017 _a2000/4/517
040 _aJO-AjNU
_bara
_erda
_cJO-AjNU
041 _aara
050 1 4 _aDS38.4.M82.T432 2000
100 3 _a شرح الأهوازي؛ تحقيق هزايمة، عصام مصطفى ، تحقيق بني ياسين، يوسف أحمد,
_eauthor
_99764
245 0 0 _aثلاث رسائل في فضائل معاوية
264 3 1 _aاربد: مؤسسة حمادة للدراسات الجامعية والنشر والتوزيع، 2000
300 _a158ص
336 _atext
_btxt
_2rdacontent
337 _aunmediated
_bn
_2rdamedia
338 _avolume
_bnc
_2rdacarrier
650 4 _aامويون - تاريخ، معاوية بن ابي سفيان 30ق.ه- 60ه
_99765
999 _aA1466
_c5034
_d5034